000 00845nam a2200253Ia 4500
003 OSt
005 20221005103510.0
006 a|||||r|||| 00| 0
007 ta
008 221004b |||||||| |||| 00| 0 hin d
024 _a31650
037 _cTextual
040 _aCRL
_cCRL
_bhin
041 _2hin
_ahin
082 _aT6, 152L7
100 _aकौशिक, ब्र.ना.
245 0 _aविकलांग शिक्षा सिन्धु
246 _aVikalāanga shikṣhā sindhu
250 _aप्रथम संस्करण
260 _aजयपुर
_bराजस्थान हिंदी ग्रन्थ अकादमी भारत
_c1977
300 _a275पृ.
_ccm.
942 _hT6, 152L7
_cTEXL
_2cc
999 _c1010211
_d1010211